000
00312nam a2200133Ia 4500
005
20260328101442.0
008
260328s9999||||xx |||||||||||||| ||und||
100
_a
Gull, Erhard
245
0
_a
Perspectiva /
_c
Erhard Gull
260
_b
Reverté
300
_a
90 p.
650
_a
DIBUJO ARQUITECTÓNICO
942
_c
BK
999
_c
8299
_d
8299